Dynamic Spectrum Auction in Wireless Communication

This brief explores current research on dynamic spectrum auctions, focusing on fundamental auction theory, characteristics of the spectrum market, spectrum auction architecture and possible auction mechanisms. The brief explains how dynamic spectrum auctions, which enable new users to gain spectrum...

Full description

Bibliographic Details
Main Authors: Chen, Yanjiao (Author), Zhang, Qian (Author)
Corporate Author: SpringerLink (Online service)
Format: Electronic eBook
Language:English
Published: Cham : Springer International Publishing : Imprint: Springer, 2015.
Series:SpringerBriefs in Electrical and Computer Engineering,
Subjects:
Online Access:Full Text via HEAL-Link
LEADER 02678nam a22004695i 4500
001 978-3-319-14030-8
003 DE-He213
005 20151030041203.0
007 cr nn 008mamaa
008 150206s2015 gw | s |||| 0|eng d
020 |a 9783319140308  |9 978-3-319-14030-8 
024 7 |a 10.1007/978-3-319-14030-8  |2 doi 
040 |d GrThAP 
050 4 |a TK1-9971 
072 7 |a TJK  |2 bicssc 
072 7 |a TEC041000  |2 bisacsh 
082 0 4 |a 621.382  |2 23 
100 1 |a Chen, Yanjiao.  |e author. 
245 1 0 |a Dynamic Spectrum Auction in Wireless Communication  |h [electronic resource] /  |c by Yanjiao Chen, Qian Zhang. 
264 1 |a Cham :  |b Springer International Publishing :  |b Imprint: Springer,  |c 2015. 
300 |a IX, 58 p. 14 illus.  |b online resource. 
336 |a text  |b txt  |2 rdacontent 
337 |a computer  |b c  |2 rdamedia 
338 |a online resource  |b cr  |2 rdacarrier 
347 |a text file  |b PDF  |2 rda 
490 1 |a SpringerBriefs in Electrical and Computer Engineering,  |x 2191-8112 
505 0 |a Introduction -- Static Homoegeneous Spectrum Auction -- Static Heterogeneous Spectrum Auction -- Dynamic Spectrum Auction -- Future Research Directions. 
520 |a This brief explores current research on dynamic spectrum auctions, focusing on fundamental auction theory, characteristics of the spectrum market, spectrum auction architecture and possible auction mechanisms. The brief explains how dynamic spectrum auctions, which enable new users to gain spectrum access and existing spectrum owners to obtain financial benefits, can greatly improve spectrum efficiency by resolving the artificial spectrum shortage. It examines why operators and users face significant challenges due to specialty of the spectrum market and the related requirements imposed on the auction mechanism design. Concise and up-to-date, Dynamic Spectrum Auction in Wireless Communication is designed for researchers and professionals in computer science or electrical engineering. Students studying networking will also find this brief a valuable resource. 
650 0 |a Engineering. 
650 0 |a Computer communication systems. 
650 0 |a Electrical engineering. 
650 1 4 |a Engineering. 
650 2 4 |a Communications Engineering, Networks. 
650 2 4 |a Computer Communication Networks. 
700 1 |a Zhang, Qian.  |e author. 
710 2 |a SpringerLink (Online service) 
773 0 |t Springer eBooks 
776 0 8 |i Printed edition:  |z 9783319140292 
830 0 |a SpringerBriefs in Electrical and Computer Engineering,  |x 2191-8112 
856 4 0 |u http://dx.doi.org/10.1007/978-3-319-14030-8  |z Full Text via HEAL-Link 
912 |a ZDB-2-SCS 
950 |a Computer Science (Springer-11645)